Constellations: a concise guide in colour
Guardat en:
| Autors principals: | , |
|---|---|
| Format: | Llibre |
| Idioma: | anglès |
| Publicat: |
Londres
Hamlyn
1969
|
| Edició: | 1a. ed |
| Matèries: | |
| Etiquetes: |
Afegir etiqueta
Sense etiquetes, Sigues el primer a etiquetar aquest registre!
|
MARC
| LEADER | 00000cam a2200000 a 4500 | ||
|---|---|---|---|
| 001 | UCD3911 | ||
| 003 | CL-VaPUC | ||
| 008 | 160623e19690000uk |||||||||||||||||eng|d | ||
| 020 | |a 0600009832 | ||
| 082 | 0 | 4 | |a 520 |b KLE |2 21 |
| 100 | 0 | |a Klepesta, Josef |e author |9 587545 | |
| 700 | 0 | |a Rukl, Antonin |e author |9 587546 | |
| 245 | 1 | 0 | |a Constellations: a concise guide in colour |
| 250 | |a 1a. ed | ||
| 300 | |a 282 p | ||
| 942 | |c BK | ||
| 945 | |d 20160623 20:47:00 |a dcastane | ||
| 260 | |a Londres |b Hamlyn |c 1969 | ||
| 650 | 0 | |a Astronomía |9 260985 | |
| 650 | 0 | |a Constelaciones |9 356118 | |
| 583 | |a last modification |c 20160623 20:47:00 |k Rodrigo Vera | ||
| 999 | |c 364925 |d 364923 | ||
| 952 | |0 0 |1 0 |3 erd |4 0 |6 520_000000000000000_KLE_1969 |7 0 |8 A |9 478555 |a FDOHBE |b FDOHBE |e Huesbe Llanos, Marco Antonio, 1934- |i 5333679 |o 520 KLE 1969 |p 5333679 |r 2024-01-30 |w 2019-11-24 |y BK |z Catalogado en:20160623 |k HBE | ||